Biblioteca

Nueva gramática de la lengua Española: Manual. (Registro nro. 64993)

Detalles MARC
000 -LÍDER
Campo fijo de descripción fija 03384nam a2200301 i 4500
001 - NÚMERO DE CONTROL
Campo de control 768714001
003 - IDENTIFICADOR DEL NÚMERO DE CONTROL
Campo de control CO-MdFUSB
005 - FECHA Y HORA DE LA ULTIMA TRANSACCIÓN
control field 20190507114712.0
008 - ELEMENTOS DE LONGITUD FIJA -- INFORMACIÓN GENERAL
Campo fijo de descripción fija -- Información general 190429t2010 sp ad||| |||| 00| 0 spa d
020 ## - NÚMERO INTERNACIONAL NORMALIZADO PARA LIBROS
Número Internacional Normalizado del libro 9788467032819
040 ## - FUENTE DE CATALOGACIÓN
Agencia de catalogación original CO-MdFUSB
Idioma de catalogación spa
Agencia que realiza la transcripción CO-MdFUSB
Agencia que realiza la modificación CO-MdFUSBC
Convenciones de la descripción rda
041 ## - CÓDIGO DE IDIOMA
Código de idioma para texto/pista de sonido o título separado spa
082 ## - NÚMERO DE CLASIFICACIÓN DECIMAL DEWEY
Número de la edición del Dewey 41
Número de clasificación 415
Clave de autor-Numero de item A837nu
110 ## - ASIENTO PRINCIPAL--NOMBRE CORPORATIVO
Nombre corporativo o de jurisdicción como elemento de entrada Real Academia Española
245 ## - TÍTULO
Título del Material Nueva gramática de la lengua Española: Manual.
Mención de responsabilidad, etc. / Real Academia Española. ; Asociación de Academias de la Lengua Española.
264 #1 - PRODUCCIÓN, PUBLICACIÓN, DISTRIBUCIÓN, MANUFACTURA, Y COPYRIGHT
Lugar de producción, publicación, distribución, manufactura España :
Nombre del productor, publicador, distribuidor Espasa,
Fecha de producción, publicación, distribución, manufactura, o copyright [2010]
264 #4 - PRODUCCIÓN, PUBLICACIÓN, DISTRIBUCIÓN, MANUFACTURA, Y COPYRIGHT
Fecha de producción, publicación, distribución, manufactura, o copyright © 2010
300 ## - DESCRIPCIÓN FÍSICA
Dimensiones xliv, 993 páginas
Extensión ; 23 cm
336 ## - TIPO DE CONTENIDO
Fuente rdacontent
Término de tipo de contenido texto
Código de tipo de contenido txt
337 ## - TIPO DE MEDIO
Fuente rdamedia
Nombre del tipo de medio sin mediación
Código del tipo de medio n
338 ## - TIPO DE SOPORTE
Fuente rdacarrier
Nombre del tipo de soporte volumen
Código Tipo de soporte nc
505 ## - NOTA DE CONTENIDO
Nota de contenido con formato preestablecido Partes de la gramática. Unidades fundamentales del análisis gramatical -- El género -- El número -- La flexión verbal -- La derivación nominal (1). Nombres de acción y efecto -- La derivación nominal (II). Otros derivados -- La derivación adjetival y adverbial -- La derivación verbal -- La derivación apreciativa -- La prefijación -- La composición -- El sustantivo y el grupo nominal -- El adjetivo y el grupo adjetival -- El articulo (I). Clases de articulo. Usos del articulo determinado -- El articulo (II). El articulo indeterminado. Generichidad y especificidad. La ausencia de articulo -- El pronombre personal. La correferencia. Las formas de tratamiento -- Los demostrativos -- Los Posesivos --<br/>Los cuantificadores (I). Sus clases. Propiedades fundamentales de las expresiones cuantificativas -- Los cuantificadores (II). Características gramaticales de los principales cuantificadores -- Los numerales --<br/>Relativos, interrogativos y exclamativos. Sus grupos sintácticos -- El verbo (I). Tiempo y aspecto. El aspecto Léxico. Los tiempos del modo indicativo -- El verbo (II). Tiempo y aspecto. Los tiempos del modo subjuntivo. Interpretaciones de los adjuntos temporales. La concordancia de tiempos -- El verbo (III). El modo -- El verbo (IV). Las formas no personales; el infinitivo -- El verbo (V). Las formas no personales: el gerundio y el participio -- El verbo (VI). Las perífrasis verbales -- La preposición y el grupo preposicional -- El adverbio y el grupo adverbial -- La conjunción. Sus grupos sintácticos. Las construcciones coordinadas -- La interjección. Sus grupos sintácticos -- El sujeto -- El complemento directo. Transitividad e intransitividad -- El complemento indirecto -- El complemento de régimen preposicional -- El atributo (I). El atributo en las oraciones copulativas -- El atributo (II). Construcciones semicopulativas. Los complementos predicativos. Las construcciones absolutas -- Los adjuntos. El complemento circunstancial -- Las funciones informativas -- Oraciones activas, pasivas, impersonales y medias --<br/>La modalidad. Los actos de habla. Construcciones imperativas, interrogativas y exclamativas -- Oraciones subordinadas sustantivas -- Oraciones subordinadas de relativo -- Constricciones comparativas, superlativas y consecutivas -- Construcciones causales, finales e ilativas -- Construcciones condicionales y concesivas -- La negación.
563 ## - NOTA DE ENCUADERNACIÓN
Nota de encuadernación Rústico
650 #0 - ASIENTO SECUNDARIO DE MATERIA - TERMINO TEMÁTICO
9 (RLIN) 1734
Término temático o nombre geográfico como elemento de entrada Gramática
700 ## - ASIENTO SECUNDARIO - NOMBRE PERSONAL
9 (RLIN) 1735
Nombre personal Real Academia Española,
Responsabilidad autor
700 ## - ASIENTO SECUNDARIO - NOMBRE PERSONAL
9 (RLIN) 1736
Nombre personal Asociación de Academias de la Lengua Española,
Responsabilidad autor
942 ## - TIPO DE MATERIAL (KOHA)
Tipo de Item KOHA Libros de Referencia
Existencias
Estado de Material Estado de Perdido Forma de Clasificación Estado de Dañado No para Préstamo Colección Biblioteca de Origen Biblioteca Permanente Fecha de Adquisición Forma de Adquisición Total de Préstamos Signatura Topográfica Código de Barras Última vez visto Ejemplar/Existencia Fecha de Remplazo Tipo de Material
    Dewey Decimal Classification     Colección de Referencia Biblioteca FUSBC Biblioteca FUSBC 29/04/2019 Compra   R 415 A837nu 19918 06/05/2025 Ej. 1 29/04/2019 Libros de Referencia

Biblioteca FUSBC | Teléfono: (57+4) 349 88 10 Ext. 141| WhatsApp (+57) 3005338115 
E-mail: biblioteca@unisbc.edu.co | Calle 76 87-14 Robledo Palenque, Medellín, Colombia

Con tecnología Koha